Music Quiz

Random Music or Song Quiz

Same Title - 3 Different Songs Quiz Stats

 Plays Quiz Updated Oct 12, 2016

Challenge
Share
Tweet
Embed
Score 0/52 Timer 10:00
2 Plays Today
Acts Song title % Correct
Brandy (1995), Ashanti (2002), Justin Bieber (2010)Baby
62%
Mariah Carey (1993), Enrique Iglesias (2001), Chad Kroeger (2002)Hero
31%
Bee Gees (1989), Metallica (1989), U2 (1992)One
28.8%
Elton John (1992), Backstreet Boys, The (2000), Gary Allan (2002)The One
28.8%
The Cars (1984), R.E.M. (1992), Incubus (2001)Drive
27%
Faith Hill (2000), Michelle Branch (2003), Fabolous (2004)Breathe
26.7%
Kenny Rogers (1983), Linda Ronstadt & Aaron Neville (1990), K-Ci & JoJo (1998)All My Life
26.6%
Madonna (1984), The Other Ones (1987), Green Day (2005)Holiday
20.7%
Atlantic Starr (1987), Bon Jovi (1994), Erasure (1994)Always
16.9%
Ringo Starr (1973), Def Leppard (1983), Nickelback (2005)Photograph
15.9%
Jefferson Airplane (1967), Queen (1977), Justin Bieber (2010)Somebody To Love
15.1%
DJ Jazzy Jeff & the Fresh Prince (1991), Kenny Chesney (2006), New Kids on the Block (2008)Summertime
12.3%
Godley & Crème (1985), Waterfront (1989), Faith Hill (2002)Cry
12%
John Travolta, Olivia Newton-John (1978), Lil Rob (2005), Rascal Flatts (2009)Summer Nights
11.4%
Joe Simon (1972), Huey Lewis & The News (1985), Celine Dion (1993)The Power Of Love
10%
Chicago (1971), Deniece Williams (1977), Zac Brown Band (2010)Free
9.9%
Earth, Wind & Fire (1978), Aldo Nova (1982), Mariah Carey (1995)Fantasy
9.8%
Janet Jackson (1990), Kris Kross (1993), Darius Rucker (2009)Alright
7.9%
Nilsson (1972), Mötley Crüe (1990), Dixie Chicks (2000)Without You
7.8%
David Cassidy (1971), Kool & The Gang (1985), Madonna (1989)Cherish
7.8%
Night Ranger (1986), Spice Girls (1998), Kristinia Debarge (2009)Goodbye
7.8%
Tavares (1973), John Cougar Mellencamp (1988), will.i.am & Nicki Minaj (2010)Check It Out
7.4%
Roxette (1990), Busta Rhymes (1998), Kardinal Offishall (2008)Dangerous
7.3%
Tony Terry (1991), Jessica Simpson (2004), Chris Brown (2008)With You
7%
Asia (1983), Guns N' Roses (1991), Seal (1996)Don't Cry
6.7%
Paul McCartney (1973), Lionel Richie (1983), Justin Timberlake (2006)My Love
6.5%
Acts Song title % Correct
Alison Moyet (1985), Clay Aiken (2004), Ashlee Simpson (2006)Invisible
5.9%
Go-Go's (1984), Tears For Fears (1985), Allure (1997)Head Over Heels
5.7%
Nu Shooz (1986), Stevie Nicks (1986), Sleepy Brown (2004)I Can't Wait
5.5%
Adam Ant (1995), Everclear (2000), Ja Rule (2004)Wonderful
5.2%
Kool & The Gang (1984), New Kids On The Block (1990), Jonas Brothers (2008)Tonight
5%
The Cars (1979), Wang Chung (1987), Trick Daddy (2004)Let's Go
4.9%
Chuck Mangione (1978), Van Halen (1989), Xscape (1995)Feels So Good
4.9%
Yvonne Elliman (1976), 112 (1998), Justin Bieber (2009)Love Me
4.2%
Jonathan Edwards (1972), Dino (1989), Lil' Flip (2004)Sunshine
4%
Klymaxx (1985), Aaron Hall (1994), N II U (1995)I Miss You
3.9%
Dwight Twilley Band (1975), 5000 Volts (1975), Bruce Springsteen (1985)I'm On Fire
3.8%
Carole King (1971), Dire Straits (1986), StainD (2003)So Far Away
3.6%
Air Supply (1982), La Bouche (1996), Beyoncé (2009)Sweet Dreams
3.5%
America (1972), Paul Carrack (1982), LeAnn Rimes (2000)I Need You
3.5%
Blondie (1979), Cliff Richard (1980), Orchestral Manoeuvres In The Dark (1988)Dreaming
3%
Elton John (1971), Bette Midler (1973), Jody Watley (1989)Friends
2.8%
George Michael (1988), Timmy T (1991), Divine (1999)One More Try
2.8%
Evelyn 'Champagne' King (1978), The Motels (1985), Zhane (1994)Shame
2.6%
April Wine (1981), Lou Gramm (1990), DC Talk (1996)Just Between You And Me
2.4%
SWV (1994), 3T (1996), Jaheim (2002)Anything
2.3%
K.C. (1984), Wilson Phillips (1992), Public Enemy (1994)Give It Up
2%
Eric Carmen (1978), Tom Petty and the Heartbreakers (1983), Cyndi Lauper (1987)Change Of Heart
1.8%
Chicago (1984), Benjamin Orr (1987), IMx (2000)Stay The Night
1.8%
Al Green (1972), New Edition (1997), Sean Paul (2004)I'm Still In Love With You
1.8%
Electric Light Orchestra (1980), Neil Diamond (1983), Kenny Chesney (2009)I'm Alive
1.5%
Bread (1972), John Denver (1975), Sarah McLachlan (1998)Sweet Surrender
1.5%

You're not logged in!

Compare scores with friends on all Sporcle quizzes.
Join for Free
OR
Log In

You Might Also Like...

Show Comments

Extras

Top Quizzes Today


Score Distribution

Your Account Isn't Verified!

In order to create a playlist on Sporcle, you need to verify the email address you used during registration. Go to your Sporcle Settings to finish the process.

Report this User

Report this user for behavior that violates our Community Guidelines.

Details: